000 00229nam a2200097Ia 4500
001 1198418
005 20250827021845.0
008 250824s9999 xx 000 0 und d
245 0 _aUÇUŞ
_cANGİE SAGE
260 _bALTIN KİTAPLAR
999 _c1198418
_d1198418